[Event "Challenge"]
[Site "http://www.queenalice.com/game.php?id=227338"]
[Date "2007.6.19"]
[Round "-"]
[White "Pabloblo"]
[Black "gnomo"]
[Result "0-1"]
[WhiteElo "1500"]
[BlackElo "1500"]

1. Nf3 d5 2. d4 Nf6 3. Qd3 e6 4. Bf4 Bb4+ 5. c3 Bd6 6. g3 O-O 7. c4 b6 8. Bg2
Ba6 9. Nbd2 Ne4 10. Nxe4 dxe4 11. Qxe4 c6 12. Qc2 Qf6 13. Ng5 g6 14. Bh3 Bxf4
15. gxf4 Qxd4 16. e3 Qxc4 17. O-O-O Qxa2 18. Bf1 h6 19. Bxa6 Nxa6 20. Qb1 Qa4
21. Nh3 Rad8 22. Rd4 Nb4 23. Rhd1 Rd5 24. Rxd5 cxd5 25. Qc2 Qxc2# 0-1